| 000 -LEADER |
| fixed length control field |
01088nam a22000977a 4500 |
| 008 - FIXED-LENGTH DATA ELEMENTS--GENERAL INFORMATION |
| fixed length control field |
190114b ||||| |||| 00| 0 eng d |
| 100 ## - MAIN ENTRY--AUTHOR'S NAME |
| Author's Name |
King, Andrew |
| 245 ## - TITLE STATEMENT |
| Title |
The United Nations and the situation in Somalia |
| 260 ## - PUBLICATION, DISTRIBUTION, ETC. (IMPRINT) |
| Place of publication, distribution, etc. |
Wigan, [U.K.] |
| Name of publisher, distributor, etc. |
UNSG |
| Date of publication, distribution, etc. |
1996 |
| 650 ## - TOPICAL TERM (Tag) |
| Topical term or geographic name |
United Nations Peacekeeping Forces | Somalia (1950-) | United Nations | Peacekeeping Forces | Military Mail | Postal History | 1991-1995 | Postal Markings | Cachets | Postal Service | Military Conflicts | UNOSOM I | UNOSOM II | United Nations Operation in Somalia | United Nations Relief Organizations | UNITAF | Unified Task Force | Somalia - Operation Restore Hope | Somalia - Operation Continue Hope | Somalia - Operation United Shield | United States | United States. Navy. | Covers -- Naval | Postal Markings -- Naval | Maritime Mail | Free Franks | Fee Paid Mail | Official Mail | Air Mail | Undeliverable Mail | United States. Marine Corps. | Canada | Operation Deliverance | Germany | Topical Collecting -- United Nations | United Nations -- Armed Forces | Collections | Exhibits | Exhibitions -- Catalogs and Publications |